Guide to American art schools /

Bibliographic Details
Main Author: Werenko, John D.
Format: Book
Language:English
Published: Boston, Mass. : G.K. Hall, [1987]
Subjects:

MARC

Tag First Indicator Second Indicator Subfields
LEADER 00000cam a22000008a 4500
001 in00000014171
005 20151007052143.0
008 870702s1987 maua br 00110 eng
010 |a  87020296  
020 |a 0816187924 
035 |a (OCoLC)16352336 
035 |9 AAA6531AM 
040 |a DLC  |c DLC  |d UtOrBLW 
043 |a n-us--- 
049 |a TXAF  |c [A11484549] 
050 0 0 |a N328  |b .W47 1987 
082 0 |a 707/.1173  |2 19 
100 1 |a Werenko, John D. 
245 1 0 |a Guide to American art schools /  |c edited & compiled by John D. Werenko ; Borgna Brunner, project editor. 
263 |a 8711 
264 1 |a Boston, Mass. :  |b G.K. Hall,  |c [1987] 
264 4 |c ©1987 
300 |a xxvi, 281 pages :  |b illustrations 
336 |a text  |b txt  |2 rdacontent 
337 |a unmediated  |b n  |2 rdamedia 
338 |a volume  |b nc  |2 rdacarrier 
504 |a Bibliography : p [xxiii]-xxiv. 
500 |a Includes index. 
650 0 |a Art schools  |z United States  |x Directories. 
740 0 |a American art schools. 
999 |a MARS 
999 f f |s 9ae4619b-0540-3235-bb7c-fc9438b88bb8  |i 5b74da0d-1d12-3486-9caf-6343caa72a42  |t 0 
952 f f |p ric  |a Texas A&M University  |b Rellis Campus  |c Joint Library Facility  |d Remote Storage  |t 0  |e N328 .W47 1987  |h Library of Congress classification  |i unmediated -- volume  |m A14811484549 
998 f f |a N328 .W47 1987  |t 0  |l Remote Storage